000 00510nam a22001817a 4500
003 KOHA_MİRAKIL
005 20251128150927.0
008 251128b tu ||||| |||| 00| 0 tur d
020 _a9786052378946
040 _aTR-AnABB
_btur
_cTR-AnABB
041 _atur
082 _a342.030561
_bNOR 2023
245 1 0 _aNorm denetimi seçme kararlar (2022) /
260 _aAnkara :
_bAnayasa Mahkemesi Başkanlığı,
_c2023
300 _a915 sayfa ;
_c20 cm
650 0 4 _aAnayasa Mahkemeleri
942 _2ddc
_cBK
999 _c9667
_d9667
900 _bGizem YORULMAZ